000 02078cam a2200385 4500
001 14026
003 http://catalogue.bnf.fr/ark:/12148/cb486085316
005 20260226145306.0
010 _a9782493307187
_d15 EUR
020 _aFR
_b02563626
073 0 _a9782493307187
090 _a14026
099 _o0
100 _a20250926d2025 m y0frey50 ba
101 0 _afre
102 _aFR
105 _a||||z 00|a|
181 0 _601
_ai
_bxxxe
181 _602
_ctxt
_2rdacontent
182 0 _601
_an
182 _602
_cn
_2rdamedia
200 1 _aStrokes
_bLIVR
_asuivi de Tentative d'évasion
214 0 _cQuartett
_dDL 2025
214 3 _cImpr. Pulsio
214 0 _a[Rosny-sous-Bois]
214 3 _a93-Pantin
215 _a1 vol. (111 p.)
215 _d18 cm
323 _aindéfini
330 _aDans « Strokes », Hakim Bah redonne voix à Amadou Diallo, jeune homme guinéen abattu de 41 balles par la police new-yorkaise en 1999. À travers une langue incandescente et fragmentée, le texte recompose les faits, les silences, les cris — ceux d’un fils exilé, d’une mère en deuil, d’un rêve américain troué de balles. Un poème dramatique puissant, hanté par la mémoire, l’exil et l’injustice. « Tentative d’évasion » se déroule à Buenos Aires, dans un centre de désintoxication où un jeune homme, à vif, cherche à se reconstruire. Enfermé dans sa colère, sa solitude, il parle pour tenir debout, pour repousser les murs, pour ne pas sombrer. Forme brute, saisissante, traversée de rage et de tendresse, elle dit l’urgence de s’échapper de soi-même. Deux textes. Deux trajectoires brisées. Deux cris. Deux textes comme deux détonations. Deux prises de parole nécessaires. Une écriture qui résiste, qui brûle, qui bouleverse.
423 0 _tTentative d'évasion
686 _a802
_2Cadre de classement de la Bibliographie nationale française
700 _aBah
_bHakim
_f1987-....
700 _316032288
_oISNI0000000463423123
_4070
801 0 _aFR
_bFR-751131015
_c20250926
_gAFNOR
_hFRBNF486085310000005